000
00290nam a2200133Ia 4500
008
220613s9999||||xx |||||||||||||| ||und||
100
_a
Alfred Cuschieri
245
0
_a
Clinical Surgery
250
_a
2nd (2003)
260
_b
Blackwell
300
_a
821
650
_a
Surgery
942
_c
SURG
999
_c
8971
_d
8971